000 01118cam a22002891 4500
999 _c126417
_d126417
001 9787223
003 ARRUPE
005 20170413140228.0
008 750131s1952 enka 000 0aeng
010 _a 53018633
015 _aGB52-16395
035 _a(OCoLC)1157939
040 _aDLC
_cOCU
_dOCoLC
_dUk
_dNcGU
_dDLC
050 0 0 _aD544.A2
_bH29
082 _a940.4144
100 1 _aHaig, Douglas Haig,
_cEarl,
_d1861-1928.
_929858
245 0 4 _aThe private papers of Douglas Haig, 1914-1919;
_bbeing selections from the private diary and correspondence of Field-Marshal the Earl Haig of Bemersyde.
_cEdited by Robert Blake.
260 _aLondon,
_bEyre & Spottiswoode,
_c1952.
300 _a383 p.
_billus.
_c23 cm.
600 1 0 _aHaig, Douglas Haig,
_cEarl,
_d1861-1928.
_929858
650 0 _aWorld War, 1914-1918
_xCampaigns
_zWestern Front.
_929859
700 1 _aBlake, Robert,
_d1916-2003.
_929423
_eed.
906 _a7
_bcbc
_coclcrpl
_du
_encip
_f19
_gy-gencatlg
942 _2lcc
_cMONOGRAPH